Emotionomics : leveraging emotions for business success /
| Main Author: | |
|---|---|
| Format: | Book |
| Language: | English |
| Published: |
London ; Philadelphia :
Kogan Page,
2009.
|
| Edition: | Rev. ed. |
| Subjects: | |
| Online Access: | Contributor biographical information Publisher description Table of contents only |
| Classic Catalogue: | View this record in Classic Catalogue |
| LEADER | 01554nam a2200373 a 4500 | ||
|---|---|---|---|
| 001 | 30047 | ||
| 003 | BD-DhAAL | ||
| 005 | 20151012102825.0 | ||
| 008 | 151012s2009 enka b 001 0 eng | ||
| 010 | |a 2008023377 | ||
| 020 | |a 9780749453992 | ||
| 020 | |a 9780749457006 | ||
| 020 | |a 0749453990 | ||
| 035 | |a (OCoLC)231680012 | ||
| 035 | |a (OCoLC)ocn231680012 | ||
| 040 | |a DLC |c DLC |d BTCTA |d OCLCG |d BAKER |d YDXCP |d BWKUK |d BWK |d BWX |d CDX |d DLC |d BD-DhAAL | ||
| 050 | 0 | 0 | |a HB74.P8 |b H55 2008 |
| 082 | 0 | 0 | |a 658.0019 |2 22 |
| 100 | 1 | |a Hill, Dan, |d 1959- |9 15341 | |
| 245 | 1 | 0 | |a Emotionomics : |b leveraging emotions for business success / |c Dan Hill. |
| 250 | |a Rev. ed. | ||
| 260 | |a London ; |a Philadelphia : |b Kogan Page, |c 2009. | ||
| 300 | |a xviii, 345 p. : |b ill. ; |c 25 cm. | ||
| 504 | |a Includes bibliographical references (p. [327]-336) and index. | ||
| 541 | |e 30047 | ||
| 650 | 0 | |a Economics |x Psychological aspects. |9 2180 | |
| 650 | 0 | |a Decision making |x Psychological aspects. |9 2182 | |
| 650 | 0 | |a Emotions. |9 15342 | |
| 856 | 4 | 2 | |3 Contributor biographical information |u http://www.loc.gov/catdir/enhancements/fy0905/2008023377-b.html |
| 856 | 4 | 2 | |3 Publisher description |u http://www.loc.gov/catdir/enhancements/fy0905/2008023377-d.html |
| 856 | 4 | 1 | |3 Table of contents only |u http://www.loc.gov/catdir/enhancements/fy0905/2008023377-t.html |
| 942 | |2 ddc |c BK | ||
| 999 | |c 35769 |d 35769 | ||
| 952 | |0 0 |1 0 |2 ddc |4 0 |6 658_001900000000000_HIL |7 0 |9 56256 |a CED |b CED |c GEN |d 2015-10-12 |e Paragon Enterprise |g 782.00 |l 0 |o 658.0019 HIL |p 3010030047 |r 2015-10-12 |t 1 |w 2015-10-12 |y BK | ||